| 000 | 00835pam a2200241 a 4500 | ||
|---|---|---|---|
| 001 | 3013954 | ||
| 005 | 20171219081406.0 | ||
| 008 | 940406s1994 kyua b s001 0 eng | ||
| 010 | _a 94013777 | ||
| 020 | _a0813118905 (acidfree paper) | ||
| 020 | _a0813108349 (pbk. : acidfree paper) | ||
| 040 |
_aDLC _cDLC _dDLC |
||
| 041 | _aeng | ||
| 080 | _a398.21 ZIP | ||
| 082 | 0 | 0 |
_a398.21 ZIP _220 |
| 100 | 1 | _a21 | |
| 101 | _aGJL | ||
| 245 | 1 | 0 |
_aFairy tale as myth/myth as fairy tale / _cJack Zipes. |
| 504 | _aIncludes bibliographical references (p. [175]-185) and index. | ||
| 906 |
_a7 _bcbc _corignew _d1 _eocip _f19 _gy-gencatlg |
||
| 942 |
_2ddc _cBK |
||
| 999 |
_c39182 _d39182 |
||